Čo je to start up?

Charakteristické znaky start upu v rámci slovenského prostredia. Odlišnosť a rozdiel start upu od bežného začínajúceho podniku. Vytvorenie prijateľného podnikateľského prostredia pre všetky začínajúce podniky a start upový ekosystém, v ktorom tie najlepšie a najperspektívnejšie z nich nebudú musieť...

Descrizione completa

Salvato in:
Dettagli Bibliografici
Autore principale: Šrenkel, Ľudovít
Natura: Capitolo di libro
Lingua:slovacco
Soggetti:
Tags: Aggiungi Tag
Nessun Tag, puoi essere il primo ad aggiungerne!!

MARC

LEADER 00000nla a2200000 4500
001 0211421
005 20240502073527.0
041 0 |a slo 
044 |a SK 
245 1 0 |a Čo je to start up?  |c Ľudovít Šrenkel 
520 |a Charakteristické znaky start upu v rámci slovenského prostredia. Odlišnosť a rozdiel start upu od bežného začínajúceho podniku. Vytvorenie prijateľného podnikateľského prostredia pre všetky začínajúce podniky a start upový ekosystém, v ktorom tie najlepšie a najperspektívnejšie z nich nebudú musieť kvôli bezproblémovému fungovaniu odchádzať do zahraničia. 
610 2 0 |a start-up 
610 2 0 |a stratégia podnikateľská 
610 2 0 |a zámery podnikateľské 
610 2 0 |a prostredie podnikateľské 
610 2 0 |a investície 
610 2 0 |a marketing 
610 2 0 |a podnikatelia 
610 2 0 |a Slovensko 
100 1 |a Šrenkel, Ľudovít